000 00311nam a22001337a 4500
008 170823b xxu||||| |||| 00| 0 eng d
020 _a0534400626
041 _aeng
080 _23 ED
_a51
100 _a38
101 _aMAT
245 _aCALCULUS AND ANALYTIC GEOMETRY
_cRIDDLE.D.F
942 _2udc
_cBK
999 _c24672
_d24672